| 000 | 00647nam a22002297a 4500 | ||
|---|---|---|---|
| 003 | OSt | ||
| 005 | 20220107122714.0 | ||
| 008 | 130524b xxu||||| |||| 00| 0 eng d | ||
| 020 | _a9789380108803 | ||
| 040 | _cIIITM-K | ||
| 082 | _a658.404 TSU/M | ||
| 100 |
_aTsui, Frank _9499 |
||
| 245 |
_aManaging software projects _cby Frank Tsui |
||
| 260 |
_aNew Delhi, _bJones and Bartlett, _c2011. |
||
| 300 | _axvii, 337p. | ||
| 650 |
_aCOMPUTER SCIENCE _9500 |
||
| 650 |
_aINFORMATION TECHNOLOGY _91098 |
||
| 650 |
_aSOFTWARE ENGINEERING _9501 |
||
| 650 |
_aPROJECT MANAGEMENT _9502 |
||
| 650 |
_aSOFTWARE PROJECT MANAGEMENT _9503 |
||
| 942 |
_2ddc _cBK |
||
| 999 |
_c3002 _d3002 |
||